|
|
|
|
| LEADER |
00891naa a2200205 i 4500 |
| 001 |
publ39964 |
| 005 |
20260424125304.0 |
| 008 |
260424s2019 hu o 000 eng d |
| 020 |
|
|
|a 9789633863213
|
| 024 |
7 |
|
|a 30946917
|2 mtmt
|
| 040 |
|
|
|a SZTE Publicatio Repozitórium
|b hun
|
| 041 |
|
|
|a eng
|
| 100 |
1 |
|
|a Szanyi Miklós
|
| 245 |
1 |
4 |
|a The Role of State Ownership in and after Hungary's Transition to Market Economy
|h [elektronikus dokumentum] /
|c Szanyi Miklós
|
| 260 |
|
|
|a Center for Economic and Regional Studies, Hungarian Academy of Sciences; Central European University Press
|b Budapest, New York
|c 2019
|
| 300 |
|
|
|a 24
|
| 300 |
|
|
|a 213-236
|
| 490 |
0 |
|
|a Seeking the best master : state ownership in the varieties of capitalism
|
| 650 |
|
4 |
|a Közgazdasági és gazdálkodástudományok
|
| 856 |
4 |
0 |
|u http://publicatio.bibl.u-szeged.hu/39964/7/10.1515_9789633863220_webpdf1.pdf
|z Dokumentum-elérés
|